| 000 | 01656nab a22002657a 4500 | ||
|---|---|---|---|
| 999 |
_c5695 _d5695 |
||
| 003 | OSt | ||
| 005 | 20251227010736.0 | ||
| 008 | 190603e xxum|||| |||| 00| 0 spa d | ||
| 040 | _cPJ | ||
| 100 |
_aPastore, José Ignacio _96208 |
||
| 245 | 1 | 3 |
_aEl daño sin autor en la era algorítmica : _bpropuestas a diez años del Código Civil y Comercial / _cJosé Ignacio Pastore. |
| 260 |
_cCiudad Autónoma de Buenos Aires : _aThomson Reuters La Ley, _b2025. |
||
| 300 | _ap. 339-353 | ||
| 500 | _aCita: TR LALEY AR/DOC/1760/2025 Publicado en: RCCyC 2025 (agosto). | ||
| 505 | _aSumario: I. Ecosistema algorítmico: de la automatización a la autonomía.— II. De la culpa invisible al riesgo creado: diagnóstico crítico del Cód. Civ. y Com.— III. Derecho comparado y jurisprudencia internacional.— IV. Debates doctrinales estratégicos.— V. Propuesta de reforma normativa argentina.— VI. Impacto procesal y prueba en litigios algorítmicos.— VII. Cuando el daño ya tiene rostro: el caso "García v. Character Technologies" como advertencia concreta.— VIII. Consideraciones finales: hacia un contrato social algorítmico. | ||
| 505 | _t¿Te interesa el texto completo? Solicitalo al correo: koha@justierradelfuego.gov.ar | ||
| 650 | 0 |
_91497 _aCODIGO CIVIL Y COMERCIAL |
|
| 650 | 0 |
_91467 _aRESPONSABILIDAD CIVIL |
|
| 650 | 0 |
_95817 _aINTELIGENCIA ARTIFICIAL |
|
| 650 | 0 |
_96081 _aCIENCIA Y TECNOLOGÍA |
|
| 650 | 0 |
_9273 _aDERECHO INFORMATICO |
|
| 650 | 0 |
_93331 _aDAÑO |
|
| 773 | 0 |
_02713 _93170 _dCiudad Autónoma de Buenos Aires : Thomson Reuters La Ley, 2015- _tRevista Código Civil y Comercial. Nº 4 - Agosto 2025 |
|
| 942 |
_2udc _cANA |
||